000 00232nam a2200097Ia 4500
008 180205s9999 xx 000 0 und d
100 _aFrampton, Peter
245 _aPeter Frampton anthology /
260 _c1974
300 _a144 pages
999 _c354731
_d354731